How well do you know Boynextdoor ? - quiz kpop - Statistics

General Stats
  • This quiz has been taken 1,527 times
  • The average score is 13 of 20
Answer Stats
Hint Answer % Correct
Who is the leader ? Jaehyun
99%
Who is the youngest member ? Woonhak
87%
Who is the oldest ? Sungho
74%
What's their fandom name ? ONEDOOR
72%
Who is your bias ? Mine : Taesan and Riwoo
70%
Who are they under ? KOZ
68%
Who is Han Dongmin ? Taesan
68%
Who was the last member to join ? Jaehyun
67%
What's the name of their first album ? Who
66%
Who do they call their "father" ? Zico
63%
What gen are they from ? 5th gen
61%
What do they say before saying their name ? Who's there ?
61%
Who are the two the tallest members ? Taesan, Woonhak
60%
From which agency Jaehyun is a former trainee ? YG
59%
What is their debut date ? (MM/DD/YYYY) 05/30/2023
58%
What's the original name of Riwoo ? Lee Sanghyuk
57%
What's Leehan's favorite type of fish ? Corydoras
55%
Who are MC with Jaehyun at MCountdown ? Hanbin (zerobaseone), Sohee (riize)
54%
Who are left-handed ? Sungho, Riwoo
42%
Who are ambidextrous ? Jaehyun, Woonhak
32%
No matching quizzes found
Score Distribution
Percent of People with Each Score
Percentile by Number Answered
Your Score History
You have not taken this quiz